Aprendiz de inventor (Record no. 188479)

MARC details
000 -LÍDER
campo de controle de tamanho fixo 00378 a2200169 4500
001 - NÚMERO DE CONTROLE
campo de controle 188479
020 ## - ISBN - INTERNATIONAL STANDARD BOOK NUMBER
ISBN - International Standard Book Number 85-08-08801-9
040 ## - FONTE DA CATALOGAÇÃO
Instituição que transcreveu o registro Magnum
100 ## - ENTRADA PRINCIPAL--NOME PESSOAL
Nome pessoal Carrascoza, João Anzanello
240 10 - TÍTULO UNIFORME
Título uniforme Aprendiz de inventor
Idioma da obra por
245 10 - TÍTULO
Título Aprendiz de inventor
300 ## - DESCRIÇÃO FÍSICA
Extensão 103
362 0# - DATAS DE PUBLICAÇÃO E/OU DESIGNAÇÃO SEQUENCIAL
Datas de publicação e/ou designação sequencial 2006
440 #1 - DECLARAÇÃO DE SÉRIE/ENTRADA ADICIONADA--TÍTULO
Título Ática
697 ## - ENTRADA DE ASSUNTO LOCAL--ENTIDADE COLETIVA (RLIN)
Nome corporativo ou nome da jurisdição LITERATURA INFANTO-JUVENIL
942 ## - ELEMENTOS DE ENTRADA ADICIONADOS (KOHA)
Tipo de material Koha Livros
Holdings
Situação do descarte Situação das perdas Situação física Não pode ser emprestado Biblioteca de origem Biblioteca atual Data de aquisição Total de empréstimos Número de chamada completo Código de barras Data de último acesso Data do preço efetivo Tipo de material Koha
        Magnum Magnum 08/06/2024   869.2.765 MAG00061413 08/06/2024 08/06/2024 Livros
        Magnum Magnum 08/06/2024   869.2.765 MAG00061431 08/06/2024 08/06/2024 Livros
        Magnum Magnum 08/06/2024   869.2.765 MAG00061432 08/06/2024 08/06/2024 Livros
        Magnum Magnum 08/06/2024   869.2.765 MAG00061433 08/06/2024 08/06/2024 Livros
        Magnum Magnum 08/06/2024   869.2.765 MAG00075889 08/06/2024 08/06/2024 Livros